Sailing Yachts : (Record no. 171797)

MARC details
000 -LEADER
fixed length control field 01933nam a22002897i 4500
005 - DATE AND TIME OF LATEST TRANSACTION
control field 20190325164542.0
008 - FIXED-LENGTH DATA ELEMENTS--GENERAL INFORMATION
fixed length control field 190325t20142014sz ao e 001 0deng d
020 ## - INTERNATIONAL STANDARD BOOK NUMBER
International Standard Book Number 9783037681657
Qualifying information hardback
Terms of availability RM89.90
040 ## - CATALOGING SOURCE
Original cataloging agency PPAK
Language of cataloging eng
Transcribing agency PAPK
Description conventions rda
082 04 - DEWEY DECIMAL CLASSIFICATION NUMBER
Classification number 623.8223
Edition number 23
090 00 - LOCALLY ASSIGNED LC-TYPE CALL NUMBER (OCLC); LOCAL CALL NUMBER (RLIN)
Classification number (OCLC) (R) ; Classification number, CALL (RLIN) (NR) 623.8223
Feature heading KRA
Feature heading R
100 1# - MAIN ENTRY--PERSONAL NAME
Personal name Kramer, Sibylle,
Dates associated with a name 1967-
Relator term author.
-- editor.
245 10 - TITLE STATEMENT
Title Sailing Yachts :
Remainder of title The Masters of Elegance and Style /
Statement of responsibility, etc. Sibylle Kramer ; Editor: Sibylle Kramer ; Translation: Geoffrey Steinherz
250 ## - EDITION STATEMENT
Edition statement 1st edition.
264 #1 - PRODUCTION, PUBLICATION, DISTRIBUTION, MANUFACTURE, AND COPYRIGHT NOTICE
Place of production, publication, distribution, manufacture [Salenstein] :
Name of producer, publisher, distributor, manufacturer Braun Publishing AG,
Date of production, publication, distribution, manufacture, or copyright notice 2014
Date of production, publication, distribution, manufacture, or copyright notice ©2014
300 ## - PHYSICAL DESCRIPTION
Extent 176 pages :
Other physical details colour illustrations, colour photographs ;
Dimensions 35 cm
336 ## - CONTENT TYPE
Source rdacontent
Content type term text
337 ## - MEDIA TYPE
Source rdamedia
Media type term unmediated
338 ## - CARRIER TYPE
Source rdacarrier
Carrier type term volume
500 ## - GENERAL NOTE
General note Includes index
520 ## - SUMMARY, ETC.
Summary, etc. Without having to rely on the power of engines, sailing yachts glide effortlessly through the waves, fulfilling dreams of freedom, adventure, luxury or relaxation. Next to the challenges posed by using materials and spatial concepts that must withstand the forces of wind and water, designers and shipyards must also creatively comply with the increasingly extravagant wishes of the owners. Current trends include extremely flexible fittings that turn the time spent on board into a very special experience such as a cockpit table that converts into a sun bed with a simple twist of the hand, or into an inviting lounge at the push of a button. This book presents a selection of 40 sailing yachts constituting the entire range of available models of this type of boat from racers to cruisers, and from the 7 meter-long maritime design gem to the luxury-class mega- yacht with a length of more than 100 meters. Welcome on board
650 10 - SUBJECT ADDED ENTRY--TOPICAL TERM
Topical term or geographic name entry element Yachts
General subdivision Design and construction
Topical term or geographic name entry element Sailboats
General subdivision Design and construction
700 1# - ADDED ENTRY--PERSONAL NAME
Personal name Steinherz, Geoffrey,
Relator term translator.
942 ## - ADDED ENTRY ELEMENTS (KOHA)
Source of classification or shelving scheme Dewey Decimal Classification
Koha item type Book
Holdings
Withdrawn Not for loan Current library Shelving location Date acquired Full call number Barcode Date last seen Koha item type
  Not For Loan Perpustakaan Alor Setar Rujukan Dewasa 28/04/2019 R 623.8223 KRA A01598740 28/04/2019 Book
  Not For Loan Perpustakaan Langkawi Rujukan Dewasa 28/04/2019 R 623.8223 KRA A01598741 28/04/2019 Book